Statistics for 20th Century Wars

Click here to take the quiz!

General Stats

  • This quiz has been taken 347 times
  • The average score is 8 of 27

Answer Stats

HintAnswer% Correct
World 10, 670, 868 (1914 - 1918)World War I
98%
World 50, 000, 000 (1939 - 1945)World War II
97%
Asia - 995, 000 (1950 - 1953)Korean War
83%
Asia - 2, 048, 050 (1965 - 1975)Vietnam War
81%
Asia - 500, 000 (1930 - 1935)Chinese Civil War
50%
Asia 1, 200, 000 (1945 - 1950)Chinese Civil War
50%
Asia 1, 000, 000 (1937 - 1941)Third Sino-Japanese War
43%
Europe - 466, 300 (1936 - 1939)Spanish Civil War
38%
Asia - 644, 500 (1980 - 1988)Iran - Iraq War
36%
Europe/Asia 802, 225 (1917 - 1922)Russian Revolution
31%
Africa - 208, 367 (1996 - 2006)First and Second Congo Wars
26%
Asia - 151, 831 (1904 - 1905)Russo - Japanese War
24%
North America - 125, 000 (1910 - 1920)Mexican Revolution
17%
Africa - 182, 526 (1954 - 1962)Algerian War of Independence
11%
Asia - 500, 000 (1947 - 1948)Indian Partition
11%
Africa - 157, 400 (1975 - 2000)Angola Civil War
8%
Asia - 269, 500 (1945 - 1954)First Indochina War
8%
Asia - 121, 536 (1978 - 2001)Afghan Civil War
7%
Asia - 246, 204 (1967 - 1975)Cambodia Civil War
6%
Asia - 144, 000 (1975 - 1990)Lebanese Civil War
6%
Africa - 527, 145 (1990 - 2012)Rwanda Civil War
6%
Africa - 115, 600 (1979 - 1992)Mozambique Civil War
5%
Europe - 100, 000 (1919 - 1920)Polish - Soviet War
5%
Asia - 164, 923 (1954 - 1965)Vietnam Civil War
4%
Africa - 116, 044 (1980 - 2007)Uganda Civil War
2%
South America - 100, 000 (1899 - 1903)War of a Thousand Days
2%
Asia - 126, 500 (1926 - 1928)Northern Expedition
1%

Score Distribution

Percentile by Number Answered

Percent of People with Each Score

Your Score History

You have not taken this quiz